Houses in the landscape: a regional study of vernacular building styles in England and Wales (Record no. 86644)

MARC details
000 -LEADER
fixed length control field 00508cam a2200193 4500
001 - CONTROL NUMBER
control field D7814
008 - FIXED-LENGTH DATA ELEMENTS--GENERAL INFORMATION
fixed length control field 090401t1978 xxu||||| |||| 00| 0 eng d
035 ## - SYSTEM CONTROL NUMBER
System control number (Sirsi) u9595
041 ## - LANGUAGE CODE
Language code of text/sound track or separate title eng
050 ## - LIBRARY OF CONGRESS CALL NUMBER
Classification number 728
100 ## - MAIN ENTRY--PERSONAL NAME
Personal name Penoyre, John
245 ## - TITLE STATEMENT
Title Houses in the landscape: a regional study of vernacular building styles in England and Wales
260 ## - PUBLICATION, DISTRIBUTION, ETC.
Place of publication, distribution, etc. London
Name of publisher, distributor, etc. Faber and Faber
Date of publication, distribution, etc. 1978
300 ## - PHYSICAL DESCRIPTION
Extent 175p. ill. 20cm
350 ## - PRICE (NR) (BK AM CF MU VM SE) [OBSOLETE]
Price 6.5
700 ## - ADDED ENTRY--PERSONAL NAME
Personal name Penoyre, Jane
942 ## - ADDED ENTRY ELEMENTS (KOHA)
Suppress in OPAC 0
948 ## - LOCAL PROCESSING INFORMATION (OCLC); SERIES PART DESIGNATOR (RLIN)
c (OCLC) 04/03/1997
Holdings
Withdrawn status Lost status Source of classification or shelving scheme Damaged status Not for loan Home library Current library Shelving location Date acquired Cost, normal purchase price Total Checkouts Full call number Barcode Date last seen Date last checked out Copy number Cost, replacement price Price effective from Koha item type
    Dewey Decimal Classification     London London Books 14/09/1999 6.50 2 728 30006487 06/08/2019 18/12/2000 1 6.50 06/08/2019 Book